[Event "WYCC U16 Open 2013"]
[Site "Al-Ain UAE"]
[Date "2013.12.22"]
[Round "6.37"]
[White "Huber, Martin Christian"]
[Black "Tominga, Eke"]
[Result "0-1"]
[WhiteElo "2290"]
[BlackElo "2064"]
[WhiteFideId "1623435"]
[BlackFideId "4503570"]
[EventDate "2013.12.18"]

1. Nf3 d5 2. g3 Nf6 3. Bg2 c6 4. c4 dxc4 5. O-O Nbd7 6. Na3 Nb6 7. Qc2 Be6 8.
Ne5 Qd4 9. Nxc6 bxc6 10. Bxc6+ Bd7 11. Bxa8 Nxa8 12. Nxc4 Nb6 13. d3 Nfd5 14. e4
Nb4 15. Qb3 e6 16. Be3 Qxd3 17. Qxd3 Nxd3 18. Nxb6 axb6 19. Bxb6 Be7 20. Bd4 O-O
21. Rfd1 Bb5 22. Bc3 Bc5 23. Rd2 f5 24. e5 f4 25. g4 f3 26. b4 Ba7 27. a4 Bc4
28. b5 Nf4 29. Bb4 Nh3+ 30. Kh1 Rc8 31. Rd7 Nxf2+ 32. Kg1 Nh3+ 33. Kh1 Be3 34.
Bd2 Bxd2 35. Rxd2 Bd5 36. Rxd5 exd5 37. b6 Rc2 38. Rf1 Rg2 39. b7 Rg1+ 0-1

[Event "WYCC U16 Open 2013"]
[Site "Al-Ain UAE"]
[Date "2013.12.22"]
[Round "6.38"]
[White "Dale, Ari"]
[Black "Neagu, Mihai-Cosmin"]
[Result "1/2-1/2"]
[WhiteTitle "IM"]
[WhiteElo "2289"]
[BlackElo "2069"]
[WhiteFideId "3213145"]
[BlackFideId "1205560"]
[EventDate "2013.12.18"]

1. d4 Nf6 2. c4 e6 3. Nc3 Bb4 4. e3 O-O 5. Ne2 d5 6. a3 Bd6 7. c5 Be7 8. Ng3 b6
9. b4 a5 10. Rb1 axb4 11. axb4 bxc5 12. bxc5 Nc6 13. Bb5 Qd7 14. Qe2 Bb7 15. O-O
Ra7 16. Rd1 Rfa8 17. e4 dxe4 18. Ngxe4 Ba6 19. Bxa6 Rxa6 20. Bf4 Qc8 21. Rb3 Ra1
22. Qd3 Nxe4 23. Nxe4 Rxd1+ 24. Qxd1 e5 25. Bxe5 Nxe5 26. dxe5 Qf5 27. Ng3 Qxe5
28. c6 Bc5 29. Qf3 Qe1+ 30. Nf1 g6 31. Rb2 Re8 32. Qd3 Qe4 33. Qxe4 Rxe4 34. Rc2
Bd4 35. g3 Kf8 36. Kg2 Ke7 37. Rd2 Be5 38. Ne3 Rd4 39. Rc2 Ke6 40. Kf3 f5 41.
Nc4 Rd3+ 42. Ne3 Kd6 43. h4 Rc3 44. Rxc3 Bxc3 45. h5 Kxc6 46. hxg6 hxg6 1/2-1/2

[Event "WYCC U16 Open 2013"]
[Site "Al-Ain UAE"]
[Date "2013.12.22"]
[Round "6.39"]
[White "Haavamae, Henrik"]
[Black "Carneiro, Vitor Roberto Castro"]
[Result "0-1"]
[BlackTitle "CM"]
[WhiteElo "2023"]
[BlackElo "2277"]
[WhiteFideId "4502973"]
[BlackFideId "2130106"]
[EventDate "2013.12.18"]

1. e4 c5 2. Nf3 e6 3. d4 cxd4 4. Nxd4 Nc6 5. Nc3 Qc7 6. Be3 a6 7. Bd3 b5 8. O-O
Bb7 9. Kh1 Nf6 10. a3 h5 11. Nxc6 Ng4 12. g3 Nxe3 13. fxe3 Bxc6 14. Kg1 Bd6 15.
Qd2 Be5 16. Rab1 g5 17. Qf2 f6 18. Ne2 Ke7 19. Nd4 g4 20. Rfc1 h4 21. Ne2 hxg3
22. hxg3 Rh3 23. Kg2 Qb7 24. Nf4 Bxe4+ 0-1

[Event "WYCC U16 Open 2013"]
[Site "Al-Ain UAE"]
[Date "2013.12.22"]
[Round "6.40"]
[White "Kessler, Luca"]
[Black "Liu, Zhaoqi"]
[Result "0-1"]
[WhiteElo "2249"]
[BlackElo "2061"]
[WhiteFideId "1600087"]
[BlackFideId "8609381"]
[EventDate "2013.12.18"]

1. Nf3 Nf6 2. g3 c5 3. Bg2 Nc6 4. O-O g6 5. b3 Bg7 6. Bb2 O-O 7. c4 d6 8. e3 Bg4
9. h3 Bf5 10. d3 h5 11. Qe2 Qd7 12. Kh2 Bxd3 13. Qxd3 Ng4+ 14. hxg4 Bxb2 15.
Nbd2 hxg4 16. Rab1 gxf3 17. Bh3 Ne5 18. Qe4 f5 19. Qf4 Kg7 20. Nxf3 Nd3 0-1

[Event "WYCC U16 Open 2013"]
[Site "Al-Ain UAE"]
[Date "2013.12.22"]
[Round "6.41"]
[White "Lien, Kjell Hakon"]
[Black "Liu, Andrew"]
[Result "1-0"]
[WhiteElo "2011"]
[BlackElo "2236"]
[WhiteFideId "1510444"]
[BlackFideId "2071150"]
[EventDate "2013.12.18"]

1. e4 c5 2. Nf3 Nc6 3. Bb5 g6 4. O-O Bg7 5. Re1 Nf6 6. e5 Nd5 7. Nc3 Nc7 8. Bxc6
dxc6 9. Ne4 Ne6 10. d3 O-O 11. b3 Qd5 12. Bb2 b6 13. a4 a5 14. Nd6 Nf4 15. Nxc8
Raxc8 16. Re4 Ne6 17. Qe2 Ra8 18. h4 h6 19. Nh2 Rae8 20. Re1 Nc7 21. Nf1 Qe6 22.
Ne3 Nd5 23. Ng4 Qc8 24. c4 Nc7 25. h5 Ne6 26. Qd2 Ng5 27. Rf4 Qe6 28. Re3 Rd8
29. Qe2 Qd7 30. hxg6 fxg6 31. Rxf8+ Rxf8 32. e6 Qd6 33. Bxg7 Kxg7 34. Qb2+ Qd4
35. Qxd4+ cxd4 36. Re1 c5 37. Ne5 Rf6 38. Nd7 Rxe6 39. Rxe6 Nxe6 40. g3 Ng5 41.
Kg2 Nh7 42. Nxb6 Nf6 43. Nc8 Kf7 44. Na7 Ke6 45. Nc6 Kd6 46. Nxa5 Kc7 47. b4
cxb4 48. Nb3 e5 49. f4 Nd7 50. a5 Kd6 51. a6 Kc7 52. c5 Kb8 53. c6 Nf6 54. fxe5
Nd5 55. Kf3 Ka7 56. Ke4 Ne7 57. Nxd4 Kxa6 58. e6 Kb6 59. Ke5 Kc5 60. c7 g5 61.
Nf5 1-0

[Event "WYCC U16 Open 2013"]
[Site "Al-Ain UAE"]
[Date "2013.12.22"]
[Round "6.42"]
[White "Zakaryan, David"]
[Black "Bezuidenhout, Roland"]
[Result "1/2-1/2"]
[BlackTitle "CM"]
[WhiteElo "2196"]
[BlackElo "2037"]
[WhiteFideId "24101923"]
[BlackFideId "14304562"]
[EventDate "2013.12.18"]

1. e4 e5 2. Nf3 Nc6 3. Bb5 Nf6 4. Nc3 Bc5 5. O-O d6 6. d4 exd4 7. Nxd4 Bd7 8.
Bxc6 bxc6 9. Bg5 h6 10. Bh4 O-O 11. Qd3 g5 12. Bg3 Nh5 13. Nb3 Bb6 14. Rad1 Nxg3
15. Qxg3 f5 16. e5 d5 17. Na4 f4 18. Qd3 Qe8 19. Nac5 Bf5 20. Qc3 f3 21. gxf3
Qh5 22. Rfe1 Bg6 23. Re3 Rf4 24. Rd4 Raf8 25. Ne6 Bxd4 26. Nbxd4 Rh4 27. Nxf8
Rxh2 28. Kf1 Qh4 29. Qd2 Qh3+ 30. Ke2 Qh4 31. Qe1 Bf7 32. Nfe6 c5 33. Rb3 cxd4
34. Rb8+ Kh7 35. Nf8+ Kg7 36. e6 Bh5 37. Kd3 Qf4 38. e7 Qxf3+ 39. Kxd4 Qf4+ 40.
Kxd5 Qd6+ 41. Kc4 Bf7+ 42. Kb5 c6+ 43. Ka4 Qxb8 44. Ne6+ Bxe6 45. Qxe6 Rh4+ 46.
c4 Qb5+ 47. Ka3 Qa5+ 48. Kb3 Qb6+ 49. Ka3 Qa5+ 1/2-1/2

[Event "WYCC U16 Open 2013"]
[Site "Al-Ain UAE"]
[Date "2013.12.22"]
[Round "6.43"]
[White "Abe, Mahiro"]
[Black "Chandran, Kapil"]
[Result "1-0"]
[WhiteElo "2009"]
[BlackElo "2171"]
[WhiteFideId "7000235"]
[BlackFideId "2034077"]
[EventDate "2013.12.18"]

1. e4 c5 2. c3 d5 3. exd5 Qxd5 4. d4 Nf6 5. Nf3 Bg4 6. dxc5 Qxc5 7. h3 Bh5 8.
Na3 a6 9. Be3 Qc7 10. Qa4+ Nbd7 11. g4 Bg6 12. O-O-O e6 13. Bg2 Be7 14. Bf4 Qc8
15. Ne5 b5 16. Nxb5 O-O 17. Nxg6 hxg6 18. Nd6 Qc5 19. Bxa8 Rxa8 20. Ne4 Qc7 21.
Nxf6+ Nxf6 22. Be3 Qb7 23. Qb3 Qf3 24. Rhg1 Rc8 25. g5 Nd5 26. Qb7 Re8 27. c4
Qf5 28. Qd7 Rd8 29. Qxe7 Nxe7 30. Rxd8+ Kh7 31. Rg4 Ng8 32. Rh4+ Nh6 33. gxh6
Qa5 34. hxg7+ Kxg7 35. Rd1 Qxa2 36. Bd4+ f6 37. Bc3 g5 38. Rg4 Kf7 39. h4 Qa1+
40. Kd2 Qa4 41. hxg5 fxg5 42. Rxg5 Qxc4 43. Rg7+ Kf8 44. Kc1 e5 45. Rg3 a5 46.
Rf3+ Ke7 47. Re3 a4 48. Rxe5+ Kf7 49. Rf5+ Ke6 50. Re5+ Kf7 51. Rd4 Qf1+ 52. Re1
Qxf2 53. Rxa4 Qc5 54. Rf4+ Kg6 55. Rf6+ Kh7 56. Rh1+ Kg8 57. Rh8+ 1-0

[Event "WYCC U16 Open 2013"]
[Site "Al-Ain UAE"]
[Date "2013.12.22"]
[Round "6.44"]
[White "Percivaldi, Martin"]
[Black "Lo, Ryan"]
[Result "1-0"]
[WhiteElo "2169"]
[BlackElo "2025"]
[WhiteFideId "1508148"]
[BlackFideId "2609088"]
[EventDate "2013.12.18"]

1. d4 Nf6 2. c4 g6 3. g3 Bg7 4. Bg2 d5 5. cxd5 Nxd5 6. Nf3 Nb6 7. Nc3 Nc6 8. e3
O-O 9. O-O Re8 10. h3 e5 11. d5 Na5 12. e4 c6 13. Bg5 Bf6 14. Be3 Nac4 15. Bxb6
axb6 16. Qe2 Nd6 17. a4 Qe7 18. Rfd1 Bg7 19. Nd2 Qc7 20. Nc4 Bf8 21. Rac1 c5 22.
b3 Bd7 23. Nb1 Rad8 24. Nba3 Nc8 25. Kh2 Bd6 26. h4 Re7 27. Bh3 Rf8 28. Bxd7
Qxd7 29. Nb5 Qd8 30. Kg2 f5 31. f3 Ref7 32. Rf1 Bb8 33. Rcd1 f4 34. g4 Qxh4 35.
Qf2 Qf6 36. Rh1 g5 37. Qb2 Re8 38. Rh5 Bd6 39. Rdh1 Bf8 40. Rd1 Rd7 41. Rhh1 Bd6
42. Nbxd6 Nxd6 43. Nxb6 Rc7 44. Nc4 b5 45. Nxd6 Qxd6 46. axb5 Rb7 47. Rh5 h6 48.
Rdh1 Kg7 49. Rxh6 Qxh6 50. Rxh6 Kxh6 51. Qa1 Reb8 52. Qxe5 Rxb5 53. Qf6+ Kh7 54.
Qf7+ Kh8 55. Qh5+ Kg8 1-0

[Event "WYCC U16 Open 2013"]
[Site "Al-Ain UAE"]
[Date "2013.12.22"]
[Round "6.45"]
[White "Pomini, Aurelien"]
[Black "Lopatik, Nikita"]
[Result "0-1"]
[WhiteElo "2165"]
[BlackElo "1956"]
[WhiteFideId "1320831"]
[BlackFideId "13504150"]
[EventDate "2013.12.18"]

1. e4 c5 2. Nf3 Nc6 3. d4 cxd4 4. Nxd4 Nf6 5. Nc3 d6 6. Bc4 Qb6 7. Nde2 g6 8.
O-O Bg7 9. Bb3 a6 10. Bg5 Qa5 11. Qd2 O-O 12. Ng3 Re8 13. Rfe1 b5 14. Rad1 Be6
15. Nd5 Qxd2 16. Rxd2 Bxd5 17. exd5 Ne5 18. Ne4 Nxe4 19. Rxe4 h6 20. Be3 f5 21.
Rb4 a5 22. Rxb5 a4 23. a3 axb3 24. cxb3 Reb8 25. Rxb8+ Rxb8 26. b4 Nc4 27. Re2
Nxb2 28. Bxh6 Bxh6 29. Rxb2 0-1

[Event "WYCC U16 Open 2013"]
[Site "Al-Ain UAE"]
[Date "2013.12.22"]
[Round "6.46"]
[White "Aleksanyan, Hrant"]
[Black "Pamatmat, Jarod M"]
[Result "1-0"]
[WhiteElo "1981"]
[BlackElo "2164"]
[WhiteFideId "13306634"]
[BlackFideId "2029685"]
[EventDate "2013.12.18"]

1. d4 e6 2. Nf3 Nf6 3. c4 d5 4. Nc3 Bb4 5. cxd5 exd5 6. Bg5 h6 7. Bh4 g5 8. Bg3
Ne4 9. Rc1 h5 10. Qa4+ Nc6 11. Ne5 Bd7 12. Nxd7 Qxd7 13. f3 Nxg3 14. hxg3 O-O-O
15. e3 Qe7 16. Kf2 Rhe8 17. Re1 Kb8 18. Bb5 Rd6 19. Re2 Bxc3 20. bxc3 h4 21. Rb1
hxg3+ 22. Kxg3 Ka8 23. Qb3 Rh6 24. Bxc6 Qd6+ 25. Kf2 Qxc6 26. Qb5 Qxb5 27. Rxb5
c6 28. Rb1 f5 29. Rbe1 Rhe6 30. Rh1 a5 31. Rh5 Rg6 32. Ke1 Ka7 33. Kd2 b5 34.
Rh7+ Kb6 35. Rf7 f4 36. exf4 Rxe2+ 37. Kxe2 gxf4 38. Kf2 b4 39. cxb4 axb4 40.
Rxf4 Kb5 41. g4 Kc4 42. Kg3 Kd3 43. Rf8 Kxd4 44. f4 c5 45. f5 Rc6 46. g5 c4 47.
f6 c3 48. Re8 c2 49. Re1 c1=Q 50. Rxc1 Rxc1 51. f7 Rf1 52. g6 Ke3 53. g7 Rxf7
54. g8=Q Ra7 55. Qxd5 Ra3 1-0

[Event "WYCC U16 Open 2013"]
[Site "Al-Ain UAE"]
[Date "2013.12.22"]
[Round "6.47"]
[White "Petr, Jan2"]
[Black "Darling, Simeon C."]
[Result "1-0"]
[BlackTitle "CM"]
[WhiteElo "2151"]
[BlackElo "1928"]
[WhiteFideId "345784"]
[BlackFideId "14305356"]
[EventDate "2013.12.18"]

1. e4 c5 2. Nf3 d6 3. d4 cxd4 4. Nxd4 Nf6 5. Nc3 a6 6. h3 e5 7. Nde2 Be6 8. g4
d5 9. exd5 Nxd5 10. Bg2 Nxc3 11. Qxd8+ Kxd8 12. Nxc3 Kc7 13. Nd5+ Bxd5 14. Bxd5
f6 15. Be3 Nc6 16. O-O-O Be7 17. Rd3 Rad8 18. Rhd1 Nb4 19. Rc3+ Kb8 20. Bc4
Rxd1+ 21. Kxd1 Rd8+ 22. Ke2 Nd5 23. Bxd5 Rxd5 24. Kf3 Rb5 25. b3 Rb4 26. a3 Rb5
27. Ke2 Bxa3 28. Rd3 Bc5 29. c4 Ra5 30. Rd2 Bxe3 31. fxe3 Rc5 1-0

[Event "WYCC U16 Open 2013"]
[Site "Al-Ain UAE"]
[Date "2013.12.22"]
[Round "6.48"]
[White "Rohan, Ahuja"]
[Black "Mezhlumyan, Marat"]
[Result "1-0"]
[WhiteElo "2128"]
[BlackElo "1927"]
[WhiteFideId "5090598"]
[BlackFideId "13302973"]
[EventDate "2013.12.18"]

1. Nf3 Nf6 2. g3 g6 3. b3 Bg7 4. Bb2 O-O 5. Bg2 d5 6. c4 c6 7. O-O Nbd7 8. Qc2
Re8 9. Nc3 b6 10. d4 Bb7 11. e4 dxe4 12. Nxe4 c5 13. Nxf6+ Bxf6 14. Rad1 cxd4
15. Nxd4 Bxg2 16. Kxg2 Qc7 17. Qe4 Nc5 18. Qf3 a6 19. Bc1 Bg7 20. Nc6 b5 21. Ba3
Rac8 22. cxb5 axb5 23. Bxc5 Qxc6 24. Qxc6 Rxc6 25. b4 Ra6 26. Rd7 e5 27. Rb7 e4
28. Rxb5 Rxa2 29. Be3 Bc3 30. Rb7 Bd2 31. Bxd2 Rxd2 32. Kg1 Rb2 33. Re1 e3 34.
Rxe3 Rxe3 35. fxe3 Kg7 36. b5 Re2 37. b6 Rxe3 38. Rc7 Re2 39. b7 Rb2 40. Kf1 Kf6
41. Ke1 h5 42. Kd1 Ke6 43. Kc1 Rb5 44. Kc2 g5 45. Kd3 Rb1 46. Kd4 h4 47. Kc5 Ke5
48. Re7+ Kf6 49. Rd7 Ke5 50. Rd5+ 1-0

[Event "WYCC U16 Open 2013"]
[Site "Al-Ain UAE"]
[Date "2013.12.22"]
[Round "6.49"]
[White "Todorovic, Nenad I"]
[Black "Ostapchik, Anton"]
[Result "1-0"]
[WhiteElo "2125"]
[BlackElo "1897"]
[WhiteFideId "912832"]
[BlackFideId "13509705"]
[EventDate "2013.12.18"]

1. e4 e5 2. Nf3 Nc6 3. Nc3 Nf6 4. Bb5 Bd6 5. g4 Nxg4 6. Rg1 h5 7. h3 Nf6 8. Rxg7
Bf8 9. Rg1 d6 10. d4 Bd7 11. Bg5 Be7 12. Qd3 Nb4 13. Qe2 exd4 14. Nxd4 c6 15.
Bc4 Qa5 16. O-O-O O-O-O 17. Bxf7 Bxh3 18. a3 Na6 19. Nf5 Bxf5 20. exf5 Qe5 21.
Qf3 d5 22. Be6+ Rd7 23. Bf4 1-0

[Event "WYCC U16 Open 2013"]
[Site "Al-Ain UAE"]
[Date "2013.12.22"]
[Round "6.51"]
[White "Faizrakhmanov, Ramil"]
[Black "Li, Xiang Wei  William"]
[Result "1-0"]
[WhiteTitle "FM"]
[WhiteElo "2357"]
[BlackElo "1846"]
[WhiteFideId "24103209"]
[BlackFideId "4303300"]
[EventDate "2013.12.18"]

1. d4 d5 2. c4 c6 3. Nc3 Nf6 4. e3 e6 5. Nf3 Nbd7 6. Qc2 Bd6 7. Bd3 O-O 8. O-O
dxc4 9. Bxc4 b5 10. Be2 Bb7 11. e4 e5 12. dxe5 Nxe5 13. Nh4 b4 14. Nf5 bxc3 15.
Rd1 Ne8 16. Qxc3 f6 17. Qb3+ Rf7 18. f4 Rb8 19. Nxd6 Nxd6 20. fxe5 Ba6 21. Rxd6
Qxd6 22. exd6 Rxb3 23. Bxa6 Rb4 24. b3 Rd7 25. Bc4+ Kh8 26. Ba3 Rbb7 27. Be6 1-0

[Event "WYCC U16 Open 2013"]
[Site "Al-Ain UAE"]
[Date "2013.12.22"]
[Round "6.52"]
[White "Shavdirov, Jahongir"]
[Black "Bayramov, Elkhan Khayyat"]
[Result "1-0"]
[WhiteElo "1922"]
[BlackElo "2173"]
[WhiteFideId "14204193"]
[BlackFideId "13400525"]
[EventDate "2013.12.18"]

1. Nf3 Nf6 2. c4 g6 3. g3 Bg7 4. Bg2 d6 5. O-O e5 6. d4 exd4 7. Nxd4 O-O 8. Nc3
Nbd7 9. e4 Nc5 10. Re1 c6 11. h3 a5 12. Be3 Bd7 13. Qc2 Qc7 14. Rad1 Rae8 15. b3
Na6 16. Qd2 Re7 17. Nde2 Ne8 18. Bg5 f6 19. Bh6 Bxh6 20. Qxh6 Nc5 21. Qd2 Qc8
22. Kh2 f5 23. exf5 Bxf5 24. Nd4 Ref7 25. f4 Ng7 26. Nxf5 Nxf5 27. Ne4 Nxe4 28.
Bxe4 1-0

[Event "WYCC U16 Open 2013"]
[Site "Al-Ain UAE"]
[Date "2013.12.22"]
[Round "6.53"]
[White "Ouaret, Abdelouhab"]
[Black "Daskalov, Dimitar"]
[Result "0-1"]
[WhiteTitle "FM"]
[WhiteElo "1868"]
[BlackElo "2156"]
[WhiteFideId "7903944"]
[BlackFideId "2902800"]
[EventDate "2013.12.18"]

1. Nf3 Nf6 2. g3 g6 3. Bg2 Bg7 4. c4 O-O 5. O-O d6 6. d4 Nbd7 7. Nc3 e5 8. e3
Re8 9. Qb3 c6 10. Rd1 Qc7 11. a4 a5 12. Qc2 Nb8 13. b3 Na6 14. Ba3 Nb4 15. Qd2
Bf5 16. Bxb4 axb4 17. Ne2 c5 18. dxe5 dxe5 19. Qd6 Qxd6 20. Rxd6 Bc2 21. Nc1
Rad8 22. Rxd8 Rxd8 23. Ne1 Rd1 24. Kf1 Bd3+ 25. Nxd3 Rxa1 26. Bxb7 Nd7 27. e4
Bf8 28. Bc6 Nb8 29. Bd5 Bd6 30. f4 exf4 31. e5 Be7 32. Nxf4 Rb1 33. e6 f5 34.
Nd3 Kf8 35. Ne5 Rxb3 36. Nc6 Nxc6 37. Bxc6 Rb1 38. Ke2 b3 39. Nd3 b2 40. a5 Re1+
41. Nxe1 b1=Q 42. Bb5 Qa2+ 43. Ke3 Bg5+ 44. Kf3 Qxa5 45. Nd3 Qd2 46. Nf4 Bxf4
47. gxf4 0-1

[Event "WYCC U16 Open 2013"]
[Site "Al-Ain UAE"]
[Date "2013.12.22"]
[Round "6.54"]
[White "Foo, William J"]
[Black "Shumskis, Aleksandrs"]
[Result "1/2-1/2"]
[WhiteElo "2144"]
[BlackElo "1849"]
[WhiteFideId "419753"]
[BlackFideId "11602414"]
[EventDate "2013.12.18"]

1. e4 c5 2. Nf3 e6 3. d4 cxd4 4. Nxd4 a6 5. Nc3 Qc7 6. g3 Nf6 7. Bg2 Bb4 8. Ne2
O-O 9. O-O Bc5 10. Bf4 e5 11. Bg5 Be7 12. Bxf6 Bxf6 13. Nd5 Qd8 14. Nec3 Bg5 15.
f4 exf4 16. gxf4 Bh6 17. Qh5 d6 18. Rad1 Nc6 19. e5 dxe5 20. fxe5 Qg5 21. Qxg5
Bxg5 22. Nc7 Rb8 23. e6 Bxe6 24. Nxe6 fxe6 25. Rxf8+ Kxf8 26. Bxc6 bxc6 27. b3
Ke7 28. Kf2 Rb4 29. Ne2 Bf6 30. h3 h5 31. Kf3 g5 32. c4 Rb8 33. Ng3 Rh8 34. Ne4
a5 35. Nc5 Rf8 36. Kg2 Kf7 37. Rd6 Rc8 38. Rd7+ Kg6 39. Ne4 Be5 40. Ra7 Kf5 41.
Nc5 Bd4 42. Rxa5 Bxc5 43. Rxc5+ Kf4 44. h4 Ra8 1/2-1/2

[Event "WYCC U16 Open 2013"]
[Site "Al-Ain UAE"]
[Date "2013.12.22"]
[Round "6.55"]
[White "Motovilnik, Jurij"]
[Black "Cortes Orihuela, Javier"]
[Result "0-1"]
[WhiteElo "1860"]
[BlackElo "2131"]
[WhiteFideId "13507273"]
[BlackFideId "3414329"]
[EventDate "2013.12.18"]

1. Nf3 Nf6 2. b3 g6 3. Bb2 Bg7 4. c4 O-O 5. d4 d6 6. Nc3 Nbd7 7. e3 e5 8. dxe5
dxe5 9. Be2 Re8 10. O-O e4 11. Nd2 h5 12. Qc2 Qe7 13. Nb5 Nf8 14. Ba3 c5 15.
Rad1 a6 16. Nc3 Bf5 17. Nd5 Nxd5 18. cxd5 Nd7 19. Nc4 b5 20. Na5 Rac8 21. Bb2
Bxb2 22. Qxb2 Qd6 23. Qd2 Nb6 24. a4 Bd7 25. f3 f5 26. fxe4 fxe4 27. axb5 axb5
28. Qb2 Nxd5 29. Bc4 bxc4 30. bxc4 Qb6 31. Nb3 Rf8 32. cxd5 c4 33. Qd4 Qxb3 34.
Qxe4 Bf5 0-1

[Event "WYCC U16 Open 2013"]
[Site "Al-Ain UAE"]
[Date "2013.12.22"]
[Round "6.56"]
[White "Rimawy, Hosam"]
[Black "Micottis, Dorian"]
[Result "0-1"]
[WhiteElo "1781"]
[BlackElo "2097"]
[WhiteFideId "8103798"]
[BlackFideId "26021986"]
[EventDate "2013.12.18"]

1. e4 c5 2. Nf3 e6 3. d4 cxd4 4. Nxd4 a6 5. Nc3 Qc7 6. Be2 Bb4 7. Bd2 Nf6 8. Bf3
Nc6 9. Nxc6 dxc6 10. O-O Bc5 11. Qe2 e5 12. Rfe1 Be6 13. Rad1 b5 14. b4 Bc4 15.
Qxc4 bxc4 16. bxc5 O-O 0-1

[Event "WYCC U16 Open 2013"]
[Site "Al-Ain UAE"]
[Date "2013.12.22"]
[Round "6.57"]
[White "Dogan, Mire Deniz"]
[Black "Grunau, Christoph"]
[Result "1/2-1/2"]
[WhiteElo "1772"]
[BlackElo "2066"]
[WhiteFideId "6317456"]
[BlackFideId "12929760"]
[EventDate "2013.12.18"]

1. d4 d5 2. c4 c6 3. Nc3 Nf6 4. Nf3 e6 5. Bg5 dxc4 6. e4 b5 7. e5 h6 8. Bh4 g5
9. Nxg5 hxg5 10. Bxg5 Nbd7 11. Qf3 Bb7 12. Be2 Rg8 13. h4 Qb6 14. exf6 c5 15. d5
b4 16. Nd1 exd5 17. Qe3+ Kd8 18. Bh5 Bd6 19. Bxf7 Rf8 20. Qe6 Ne5 21. Bh5 Qc6
22. f4 Nd3+ 23. Kf1 Kc7 24. Ne3 d4 25. Bf3 Rae8 1/2-1/2

[Event "WYCC U16 Open 2013"]
[Site "Al-Ain UAE"]
[Date "2013.12.22"]
[Round "6.58"]
[White "Montilli, Vincenzo"]
[Black "Lopez Popov, Ivan"]
[Result "1-0"]
[WhiteElo "2039"]
[BlackElo "1735"]
[WhiteFideId "883913"]
[BlackFideId "4002083"]
[EventDate "2013.12.18"]

1. d4 d5 2. c4 c6 3. Nc3 dxc4 4. e4 b5 5. a4 b4 6. Na2 Nf6 7. e5 Nd5 8. Bxc4 e6
9. Nf3 a5 10. O-O Ba6 11. Qe2 Bxc4 12. Qxc4 Nb6 13. Qc2 Qd5 14. b3 N8d7 15. Be3
Rb8 16. Nc1 c5 17. dxc5 Nxc5 18. Rd1 Qe4 19. Nd3 Rc8 20. Bxc5 Bxc5 21. Rac1 Nd7
22. Nxc5 Qxc2 23. Rxc2 Rxc5 24. Rxc5 Nxc5 25. Rc1 Nb7 26. Rc8+ Nd8 27. Ra8 O-O
28. Rxa5 Nc6 29. Rc5 Ne7 30. Rc4 Rb8 31. g3 Kf8 32. Nd4 Ke8 33. Nb5 Nd5 34. h4
Kd7 35. h5 Ke7 36. Rc6 Rd8 37. Kg2 Rb8 38. Nd4 Kd7 39. Rd6+ Ke8 40. Nb5 Nc3 41.
Nc7+ Ke7 42. Na6 Rb7 43. Nc5 Rc7 44. Na6 Rb7 45. Rc6 Nd5 46. Nc5 Rb8 47. a5 Ra8
48. a6 Ke8 49. Kf3 Ke7 50. Ke4 Rd8 51. a7 Ra8 52. Ra6 Ke8 53. Kd4 Nc7 54. Ra4
Nb5+ 55. Kc4 Nxa7 56. f4 Ke7 57. Rxb4 Nc6 58. Ra4 Rd8 59. b4 Rd1 60. Kb5 Nd4+
61. Kb6 Rb1 62. Ra7+ Ke8 63. Na6 f6 64. Rxg7 fxe5 65. fxe5 Nc2 66. Nc7+ Kf8 67.
Nxe6+ Ke8 68. b5 Na3 69. Nc7+ Kf8 70. Rxh7 Nc4+ 71. Kc5 Nxe5 72. h6 Rc1+ 73. Kd5
Ng6 74. Ne6+ Ke8 75. b6 Ne7+ 76. Rxe7+ Kxe7 77. b7 Rd1+ 78. Nd4 1-0

[Event "WYCC U16 Open 2013"]
[Site "Al-Ain UAE"]
[Date "2013.12.22"]
[Round "6.59"]
[White "Sokac, Marko"]
[Black "Ahmed, Fareed"]
[Result "1-0"]
[WhiteElo "2038"]
[BlackElo "1766"]
[WhiteFideId "14531356"]
[BlackFideId "9303677"]
[EventDate "2013.12.18"]

1. e4 e6 2. d4 d5 3. Nc3 Nf6 4. Bg5 Bb4 5. e5 h6 6. Be3 Bxc3+ 7. bxc3 Ne4 8. Qg4
Kf8 9. Bd3 h5 10. Qf4 g5 11. Qf3 Nxc3 12. Bg6 f5 13. exf6 Ne4 14. Bxe4 dxe4 15.
Qxe4 Qxf6 16. Nf3 g4 17. Ne5 Kg7 18. Qd3 Nd7 19. O-O Qf5 20. Qc3 c6 21. Qb4 c5
22. Qc3 Nxe5 23. dxe5 b6 24. Rad1 Ba6 25. Rd7+ Kg6 26. Rfd1 h4 27. R1d6 Rhe8 28.
Bd2 Qe4 29. h3 Qe2 30. hxg4 Qf1+ 31. Kh2 Qxf2 32. Qb3 c4 33. Qf3 Qg3+ 34. Kg1
Qxf3 35. gxf3 Bb5 36. Rc7 Rad8 37. Rxa7 Rxd6 38. exd6 Rd8 39. Bf4 Bc6 40. Re7
Bxf3 41. Rxe6+ Kf7 42. Re7+ Kf6 43. Be5+ Kg6 44. Rg7+ Kh6 45. Kh2 Bc6 46. Kh3
Rd7 47. Rg8 Bd5 48. Rh8+ Kg5 49. Rh5+ Kg6 50. Kxh4 Be6 51. Rg5+ Kh6 52. Bf4 Kh7
53. Re5 Bf7 54. Rb5 Bg6 55. Rxb6 Bxc2 56. Rc6 1-0

[Event "WYCC U16 Open 2013"]
[Site "Al-Ain UAE"]
[Date "2013.12.22"]
[Round "6.60"]
[White "Abbas, Hussein kzar"]
[Black "Nikolov, Rumen"]
[Result "0-1"]
[WhiteElo "1754"]
[BlackElo "2023"]
[WhiteFideId "4804937"]
[BlackFideId "2911620"]
[EventDate "2013.12.18"]

1. d4 g6 2. e4 Bg7 3. Nf3 c5 4. c3 cxd4 5. cxd4 d5 6. exd5 Nf6 7. Bb5+ Bd7 8.
Bc4 b5 9. Bb3 O-O 10. O-O Bf5 11. Qe2 b4 12. Re1 Re8 13. Qc4 a5 14. d6 e6 15.
Ba4 Nbd7 16. Qc7 Rc8 17. Qa7 Ra8 18. Qc7 Rc8 19. Qa7 Rf8 20. Ne5 Qb6 21. Qxb6
Nxb6 22. Bb5 Rfd8 23. Nc6 Rxc6 24. Bxc6 Rxd6 25. Bf3 Rxd4 26. Be3 Rd6 27. Bc5
Ne8 28. Bxd6 Nxd6 29. Re2 Bd3 30. Rd2 Ndc4 31. Rxd3 Bxb2 32. Na3 Bxa1 33. Nxc4
Nxc4 34. Be2 Nb6 35. Bd1 Be5 36. g3 a4 37. f4 Bf6 38. Kg2 a3 39. g4 Bc3 40. Bb3
Nd5 41. Kf3 f5 42. Rd1 Kf7 43. gxf5 gxf5 44. h3 Kf6 45. Rd3 Ke7 46. Rxd5 exd5
47. Bxd5 Bd2 48. Bb3 Kf6 49. Bc4 Kg6 50. Bb3 Kh5 51. Bc4 Kh4 52. Be6 h5 53. Bxf5
b3 54. Be6 bxa2 55. Bxa2 Kxh3 56. Be6+ Kh2 57. f5 Bc3 58. Ke3 Kg3 59. Kd3 Bb4
60. Ke2 h4 61. Kf1 Bc5 62. f6 h3 0-1